000 00897nam a2200265Ia 4500
003 OSt
005 20221005105952.0
006 a|||||r|||| 00| 0
007 ta
008 221004b |||||||| |||| 00| 0 hin d
020 _a9788126050666 (pbk)
_cINR 100.00
024 _a37457
037 _bBW/1665, 14/03/2018, Bookwell
_cTextual
040 _aCRL
_cCRL
_bhin
041 _2hin
_ahin
082 _aO1595,3NKA, 152Q6
100 _aगिरि, वानीरा, ले.
245 0 _aकारा
246 _aKārā
260 _aनई दिल्ली
_bसाहित्य अकादेमी भारत
_c2016
300 _a112पृ0
_ccm.
650 _aनेपाली साहित्य
942 _hO1595,3NKA, 152Q6
_cTEXL
_2cc
999 _c1017375
_d1017375